000 00288nam a22001097a 4500
082 _a621.395 COU'L
100 _aCOUGHLIN, ROBERT F
_978155
245 _aLABORATORY MANUAL FOR INTEGRATED COMPUTER CIRCUITS
260 _aNEW JERSY
_bPRENTICE HALL
_c1968
300 _aXVI, 152P
942 _cBK
999 _c583315
_d583315